ბათუმის შოთა რუსთაველის სახელმწიფო უნივერსიტეტის ბიბლიოთეკა

Assays from the History of Georgia : (ბიბ.ჩანაწერი № 38502)

000 -LEADER
fixed length control field 01220nam a2200301Ia 4500
001 - CONTROL NUMBER
control field 4535
003 - CONTROL NUMBER IDENTIFIER
control field GE_BSU
005 - DATE AND TIME OF LATEST TRANSACTION
control field 20191018163056.0
008 - FIXED-LENGTH DATA ELEMENTS--GENERAL INFORMATION
fixed length control field 181216s2011||||enk|||||||||||||| ||eng||
020 ## - INTERNATIONAL STANDARD BOOK NUMBER
International Standard Book Number 978994103928
040 ## - CATALOGING SOURCE
Transcribing agency GE_BSU
041 ## - LANGUAGE CODE
Language code of text/sound track or separate title eng
080 ## - UNIVERSAL DECIMAL CLASSIFICATION NUMBER
Universal Decimal Classification number 94(479.224) G-16
245 ## - TITLE STATEMENT
Title Assays from the History of Georgia :
Remainder of title Abkhazia. from ancient times till the present days /
Statement of responsibility, etc. auth.: Jemal Gamakharia, Lia Akhaladze, Malkhaz Baramidze.
264 ## - PRODUCTION, PUBLICATION, DISTRIBUTION, MANUFACTURE, AND COPYRIGHT NOTICE
Place of production, publication, distribution, manufacture Tbilisi,
Date of production, publication, distribution, manufacture, or copyright notice 2011.
300 ## - PHYSICAL DESCRIPTION
Extent 524 p.:
Other physical details ill. ;
Dimensions 26 cm.
500 ## - GENERAL NOTE
General note Bibliogr. in the text notes.
653 ## - INDEX TERM--UNCONTROLLED
keyword აფხაზეთის ისტორია;
700 ## - ADDED ENTRY--PERSONAL NAME
Personal name Gamakharia, Jemal
Relator term ავტორი
9 (RLIN) 4854
700 ## - ADDED ENTRY--PERSONAL NAME
Personal name Akhaladze, Lia;
Relator term ავტორი
9 (RLIN) 4855
700 ## - ADDED ENTRY--PERSONAL NAME
Personal name Baramidze, Malkhaz
Relator term ავტორი
9 (RLIN) 4856
700 ## - ADDED ENTRY--PERSONAL NAME
Personal name Bakhia, Salome
Relator term ავტორი
9 (RLIN) 4857
700 ## - ADDED ENTRY--PERSONAL NAME
Personal name Chigogidze, Ketevan
Relator term მთარგმნელი
9 (RLIN) 4858
700 ## - ADDED ENTRY--PERSONAL NAME
Personal name Gamakharia, Jemal
Relator term რედაქტორი
9 (RLIN) 4854
700 ## - ADDED ENTRY--PERSONAL NAME
Personal name Beradze, Tamaz
Relator term რედაქტორი
9 (RLIN) 4859
710 ## - ADDED ENTRY--CORPORATE NAME
Corporate name or jurisdiction name as entry element Ministry of Educat. a. Culture of Abkhazia; Inst. of History a. Ethnology of Iv. Javakhishvili;
9 (RLIN) 4860
942 ## - ADDED ENTRY ELEMENTS (KOHA)
Koha item type წიგნი
Source of classification or shelving scheme
ეგზემპლარები
Withdrawn status Lost status Source of classification or shelving scheme Damaged status Not for loan Permanent Location Current Location Shelving location Date acquired Full call number Barcode Date last seen Copy number Price effective from Koha item type Public note
          ბათუმის შოთა რუსთაველის სახელმწიფო უნივერსიტეტის მთავარი ბიბლიოთეკა ბათუმის შოთა რუსთაველის სახელმწიფო უნივერსიტეტის მთავარი ბიბლიოთეკა წიგნსაცავი 2018-12-17 94(479.224) G-16 6145 2018-12-17 6145 2018-12-17 წიგნი
          ბათუმის შოთა რუსთაველის სახელმწიფო უნივერსიტეტის მთავარი ბიბლიოთეკა ბათუმის შოთა რუსთაველის სახელმწიფო უნივერსიტეტის მთავარი ბიბლიოთეკა წიგნსაცავი 2018-12-17 94(479.224) G-16 6146 2018-12-17 6146 2018-12-17 წიგნი